00409nam a2200145Ia 4500008004100000041000900041082001800050100002000068245001700088260003000105300000800135650000800143999001700151952009500168230718s9999 xx 000 0 und d aEng. a341.48bMYN-H aMyneni, S.R. Dr 0aHuman Rights aPakistanbNew Dehlic2016 a492 aLaw c31371d31371 00104070aSIRC-LbSIRC-Ld2023-07-18l0o341.48 MYN-Hp26322r2023-07-18w2023-07-18yBK